Calculus of a single variable / (Record no. 4341)

MARC details
000 -LEADER
fixed length control field 00726nac a22002291u 4500
020 ## - INTERNATIONAL STANDARD BOOK NUMBER
International Standard Book Number 0395885787
082 ## - DEWEY DECIMAL CLASSIFICATION NUMBER
Classification number 515
Item number L3345
090 ## - LOCALLY ASSIGNED LC-TYPE CALL NUMBER (OCLC); LOCAL CALL NUMBER (OCLC)
-- 4341
-- 4341
100 ## - MAIN ENTRY--PERSONAL NAME
Personal name Larson, Roland E.
245 ## - TITLE STATEMENT
Title Calculus of a single variable /
Statement of responsibility, etc Ron Larson; Robert P Hostetler; Bruce H Edwards
250 ## - EDITION STATEMENT
Edition statement 6th ed.
260 ## -
-- Boston,MA.:
-- Houghton Mifflin Company,1998
-- 1998
300 ## - PHYSICAL DESCRIPTION
Extent xxxvii, 698, 172 p. :
Other physical details ill. (some col.) ;
Dimensions 28 cm
336 ## - CONTENT TYPE
Source rdacontent
Content type term text
Content type code txt
337 ## - MEDIA TYPE
Media type term unmediated
Source rdamedia
Media type code n
338 ## - CARRIER TYPE
Carrier type term volume
Carrier type code nc
Source rdacarrier
504 ## - BIBLIOGRAPHY, ETC. NOTE
Bibliography, etc Includes index
650 ## - SUBJECT ADDED ENTRY--TOPICAL TERM
Topical term or geographic name as entry element Calculus
700 ## - ADDED ENTRY--PERSONAL NAME
Personal name Hostetler, Robert P.
700 ## - ADDED ENTRY--PERSONAL NAME
Personal name Larson, Roland E.
942 ## - ADDED ENTRY ELEMENTS (KOHA)
Koha item type Book - Borrowing
Call number prefix 515L3345
Classification part RDA-MOD
Holdings
Withdrawn status Lost status Damaged status Not for loan Home library Current library Shelving location Date acquired Source of acquisition Total Checkouts Total Renewals Full call number Barcode Date last seen Date checked out Price effective from Koha item type
        Central Library Central Library First floor 04/09/2007 Purchase 1 1 515 LAR 000000234 15/07/2025 28/09/2019 04/09/2007 Book - Borrowing